Tokoh pilihan

Bibliographic Details
Main Author: Matlob
Format: Book
Published: Melaka : Associated Educational Distributors (M) Sdn. Bhd. , 1987
Series:Siri Manusia dan Sekitarnya
Subjects:

MARC

LEADER 00000cam a2200000 7i4500
001 0000060383
005 20220105105407.0
008 160302
020 |a 978967948176x 
090 0 0 |a BIO/MAL 
100 0 |a Matlob 
245 1 0 |a Tokoh pilihan   |c Matlob 
260 |a Melaka :   |b Associated Educational Distributors (M) Sdn. Bhd. ,   |c 1987 
300 |a 32pg. 
490 0 |a Siri Manusia dan Sekitarnya 
500 |a Children ages 7-9 years old (orange) 
650 0 |a Children's Stories Malay 
999 |a 000174878   |b Book   |c Children Collection   |e Cawangan Muar